000
00319 a2200157 4500
001
178843
020
_a
040
_c
Magnum
100
_a
Portes, Max de Figueiredo
240
1
0
_a
Conto 4 contos
_l
por
245
1
0
_a
Conto 4 contos
362
0
_a
1899
440
1
_a
LĂȘ
697
_a
MAGNITO: J/CONTO
942
_c
BK
999
_c
178843
_d
178843